000 00753nam a2200217Ii 4500
003 JO-AjNU
008 230605s9999||||xx |||||||||||||| ||und||
017 _a2010/23313
020 _a978-977-463-053-8
040 _aJO-AjNU
_bara
_erda
_cJO-AjNU
041 _aara
050 1 4 _aPN3171 2011
100 3 _aتأليف عمر، مديحة عبد الكريم إبراهيم,
_eauthor
_934200
245 0 0 _aمسرح الطفل في مصر والعالم
264 3 1 _aالقاهرة: دار غريب للطباعة والنشر، 2011
300 _a248ص
336 _atext
_btxt
_2rdacontent
337 _aunmediated
_bn
_2rdamedia
338 _avolume
_bnc
_2rdacarrier
650 4 _aالمسرح - مسرح الطفل - مصر - العالم
_934201
999 _aA13995
_c17563
_d17563